000 00570nam a22002057a 4500
005 20241007155916.0
008 241007b |||||||| |||| 00| 0 eng d
020 _a81-7008-883-6
082 _a526.9
_bPUN-S
100 _aPunmia, B.C
245 _aSurveying-II /
_cB. C. Punmia, Ashok K. Jain, and Arun K. Jain
250 _a15th ed.
260 _aIndia:
_bLaxmi Publications ;
_c2005.
300 _a658 p. :
_bill. ;
_c25 cm.
500 _aInclude Index.
650 _aCivil / Engineering
700 _aJain, Ashok. K
700 _aJain. Arun. K
999 _c36657
_d36657